000 01044nam a2200277 i 4500
003 EG-GICUC
005 20260121101341.0
008 251125s1973 ua ||||fr ||| 00| 0 ara d
040 _aEG-GICUC
_cEG-GICUC
_dEG-GICUC
_erda
_bara
041 0 _aara
082 0 4 _221
_a341.8
_bع ب . د
092 0 4 _221
099 _aLaw1 12 341.8 ع ب . د 1973
100 0 _aعبدالسلام بلبع
_eمؤلف.
245 1 0 _aدراسات في توحيد و تطوير القانون الدولي الخاص/
_cعبدالسلام بلبع.
264 1 _aمصر :
_bمعهد البحوث والدراسات العربية،
_c1973.
300 _aصفحة ؛ 96
_c30 سم.
336 _atext
_2rda content
337 _aComputer
_2rda media
338 _aOnline Resource
_2rda carrier
546 _aالنص أغلبه باللغة العربية مع بعض النصوص الفرنسية
650 0 4 _aقانون دولي خاص
856 _uhttps://fll.law.cu.edu.eg/fulltext/th/B12-01479.pdf
905 _a59
_eHassnaa
942 _2ddc
_cBK
_e21
_n0
999 _c45840
_d45840